000 nam a22 a 4500
999 _c56542
_d56542
003 BLK
005 20230330135850.0
008 180408b bul|||||r ||||||| ||bul||
010 _aKNG00060524000
020 _a954-427-073-6
040 _aBLK
041 _aBUL
_cBUL
080 _aБългарски език
_b811.163.2
_x-54
_z811.163.2-54
100 1 _aГеоргиев, Станьо
_eпърви автор
_9286594
139 _aГеоргиев, Станьо
_bГ 37
245 1 0 _aБългарска семасиология
_bИзследване
_cСтаньо Георгиев.
257 _aBGR
260 _aВелико Търново
_bАбагар
_c1993
300 _a272 с.
_c20 см
380 _a80
650 4 _aБългарски език - семантика
_9286932
653 _aбългарски език
653 _aсемантика
852 _aЦб 171716
_bЦб
856 4 _qpdf
_i0.00
_ldisable
856 4 _qpdf
_i0.00
_ldisable
942 _cKNG
_n0
_s1
944 _aCR
_c13.06.2004
_kЧиталня
944 _aED
_c11.08.2015
999 _d56542